Η ιδεολογία του αντικομμουνισμού : (η άρνηση της αρνήσεως)
Αποθηκεύτηκε σε:
| Κύριος συγγραφέας: | |
|---|---|
| Μορφή: | Βιβλίο |
| Γλώσσα: | Greek |
| Δημοσίευση: |
Αθήναι :
"Σύγχρονοι Άνεμοι",
1969.
|
| Θέματα: | |
| Ετικέτες: |
Προσθήκη ετικέτας
Δεν υπάρχουν, Καταχωρήστε ετικέτα πρώτοι!
|
MARC
| LEADER | 00000cam a2200000 i 4500 | ||
|---|---|---|---|
| 001 | 1/61123 | ||
| 008 | 141208s1969 gr | ||| |||| ||gre|| | ||
| 035 | |l 10119995 | ||
| 040 | |a GR-MyUA |b gre |e AACR2 | ||
| 041 | 0 | |a gre | |
| 082 | 0 | |a 334.2 |2 (23) | |
| 100 | 1 | |a Γεωργαλάς, Γεώργιος Κ., |d 1928- | |
| 245 | 1 | 2 | |a Η ιδεολογία του αντικομμουνισμού : |b (η άρνηση της αρνήσεως) / |c Γεωργίου Κ. Γεωργαλά. |
| 260 | |a Αθήναι : |b "Σύγχρονοι Άνεμοι", |c 1969. | ||
| 300 | |a 30 σ. ; |c 20 εκ. | ||
| 500 | |a Στο εξώφυλλο σφραγίδα "Τιμής Ένεκεν" και "Μηνιαία - Εθνική Αντικουμμουνιστική Ιδεολογική - Αθήναι - Εφημερίς "Επαγρύπνησις". | ||
| 650 | 0 | 0 | |a Political parties. |
| 852 | |a INST |b SAMOS |c PORFYRIADA |e 20141208 |h 334.2 ΓΕΩ |p 005300040873 |q 005300040873 |t NOLOAN |y 23 | ||
| 901 | |a BIBL3-2014-3 | ||
| 909 | |a Σ |b 185482 | ||
| 970 | |a ΣΙΤΖΙΜΗ |b ΓΙΑΣΕΜΗ |z 2014/12/08 | ||